000
00179 a2200073 4500
020
_a
91060660060
082
_2
302.2345083 PHI
_a
302.2345083
_b
1
245
_a
SATURDAY MORNING MIND CONTROL
999
_c
783145
_d
783144
942
_w
438
_x
Lucy Nkosi
_y
438
_z
Lucy Nkosi